Legislación industrial (Record no. 153908)

MARC details
000 -LEADER
campo de control de longitud fija 00935nam a2200205 i 4500
001 - NÚMERO DE CONTROL
campo de control 153908
003 - IDENTIFICADOR DE NÚMERO DE CONTROL
campo de control ES-MaACL
005 - FECHA Y HORA DE LA ÚLTIMA TRANSACCIÓN
campo de control 20241026160718.0
008 - DATOS DE LONGITUD FIJA--INFORMACIÓN GENERAL
campo de control de longitud fija 000912s1885 sp |||| | spa d
040 ## - FUENTE DE CATALOGACIÓN
Centro catalogador/agencia de origen CCPB | B
Lengua de catalogación spa
Centro/agencia transcriptor CCPB | B
245 00 - MENCIÓN DEL TÍTULO
Título Legislación industrial
Resto del título : Patentes de invencion y marcas de fábricas de comercio.- Peninsula, ultramar y convenios internacionales : Disposiciones derogadas y vigentes /
Mención de responsabilidad, etc. recopiladas y anotadas por D. Lorenzo Nicolás Quintana.
260 ## - PUBLICACIÓN, DISTRIBUCIÓN, ETC.
Lugar de publicación, distribución, etc. Madrid :
Nombre del editor, distribuidor, etc. [s.n.],
Fecha de publicación, distribución, etc. 1885 (
Fabricante establecimiento tipográfico de M. Minuesa de los Rios)
300 ## - DESCRIPCIÓN FÍSICA
Extensión 160 p. ;
Dimensiones 22 cm.
650 #4 - PUNTO DE ACCESO ADICIONAL DE MATERIA--TÉRMINO DE MATERIA
Término de materia o nombre geográfico como elemento de entrada Patentes-
Subdivisión general Legislación-
Subdivisión geográfica España.
9 (RLIN) 136665
700 1# - ENTRADA AGREGADA--NOMBRE PERSONAL
Nombre de persona Quintana, Lorenzo Nicolás.
9 (RLIN) 131527
852 ## - LOCALIZACIÓN
Ubicación ES-MaACL
Número de control de estantería T-1267-F-1
Nota libre -- Enc. hol., conservando la enc. original
-- -- Enc. con otras obras formando un vol. facticio
852 ## - LOCALIZACIÓN
Ubicación ES-MaACL
Número de control de estantería T-471-F-3
942 ## - ELEMENTOS DE ENTRADA SECUNDARIOS (KOHA)
Fuente del sistema de clasificación o colocación Clasificación decimal universal
Holdings
Estatus retirado Estado de pérdida Estado de daño No para préstamo Colección Biblioteca de origen Biblioteca actual Ubicación en estantería Fecha de adquisición Fuente de adquisición Total de préstamos Signatura topográfica completa Código de barras Visto por última vez Precio de reemplazo Tipo de ítem Koha Fuente del sistema de clasificación o colocación
        Colección de folletos Biblioteca del Ateneo de Madrid Biblioteca del Ateneo de Madrid Depósito folletos 08/05/2005     T-471-F-3 1201895 23/02/2023 23/02/2023 Folleto  
        Colección de folletos Biblioteca del Ateneo de Madrid Biblioteca del Ateneo de Madrid Depósito folletos 17/01/2008     T-1267-F-1 1160914 23/02/2023 23/02/2023 Folleto Clasificación decimal universal